Word Ladder: Masculine Molecule Quiz Stats

Quiz Updated May 17, 2015

Challenge
Share
Tweet
Embed
Score 0/18 Timer 02:00
0 Plays Today
Clue Word % Correct
♂ Exam or pop quiz ♂💪 TEST 💪
98%
Better than betterBEST
97.8%
Your superior at workBOSS
97.6%
♂ To pitch or throw (like a coin) ♂💪 TOSS 💪
97%
Pants tightenerBELT
96.9%
Kristen or TacoBELL
96.2%
Don't kiss and then do thisTELL
96.2%
Lion's soundROAR
96%
Fee/tax paid for a road, bridge, etc.TOLL
95.8%
Clue Word % Correct
To fly like an eagleSOAR
95.2%
Mrs. Truman or Porgy's paramourBESS
93.5%
Thomas Hardy heroineTESS
93.2%
Earth that supports plant lifeSOIL
90.6%
♂ What NOT to do to Bond's martini ♂💪 STIR 💪
90.3%
To work extremely hardTOIL
89.9%
White dwarf or red giantSTAR
88.1%
French for eveningSOIR
85%
♂ Coat color of certain horses, cattle ♂💪 ROAN 💪
64.8%

Today's Daily Dose

You're not logged in!

Compare scores with friends on all Sporcle quizzes.
Sign Up with Email
OR
Log In

You Might Also Like...

Show Comments

Extras

Top Quizzes Today


Score Distribution

Your Account Isn't Verified!

In order to create a playlist on Sporcle, you need to verify the email address you used during registration. Go to your Sporcle Settings to finish the process.